00000000nam 2200000za 4500
0019.620696
003CaOODSP
00520250124151425
007ta
008150406|1992||||xxc|||||     f|0| 0 fre d
020 |a0-662-97721-1
040 |aCaOODSP|bfre
043 |an-cn---
0861 |aZ1-1989/1-41-1F
1101 |aCanada.|bCommissions royales. |bCommission royale sur le transport des voyageurs au Canada.
24513|aLe transport des personnes ayant une incapacité: examen de la politique / |cpar la Hickling Corporation, mars 1991.
260 |aOttawa - Ontario : |bCommissions royales. |c1992.
300 |a65p. : |bgraphiques, tableaux ; |c28 cm.
4901 |a[Études]|vRR-01
563 |aReliure à anneaux
590 |a92-49|b1992-12-04
7760#|tLe transport des personnes ayant une incapacité : |w(CaOODSP)9.947372
830#0|a[Études]|vRR-01|w(CaOODSP)9.513271